000 00539nam a22001937a 4500
003 KOHA_MİRAKIL
005 20251030170219.0
008 251030b tu ||||| |||| 00| 0 tur d
020 _a9789750526558
040 _aTR-AnABB
_btur
_cTR-AnABB
041 _atur
082 _a813.42
_bCIR 2019
100 1 _aÇıracıoğlu, Vecdi,
245 1 0 _aSon voli /
_cVecdi Çıracıoğlu
260 _aİstanbul :
_bİletişim Yayınları,
_c2019
300 _a172 sayfa ;
_c20 cm
650 0 4 _aTürk edebiyatı, roman
942 _2ddc
_cBK
999 _c9259
_d9259
900 _bGizem YORULMAZ